Catálogo

EXPERIMENTOS BASICOS DE BIOQUIMICA (Registro nro. 49780)

Detalles MARC
000 -LEADER
fixed length control field 00741nam a2200193 a 4500
001 - CONTROL NUMBER
control field 49780
005 - DATE AND TIME OF LATEST TRANSACTION
control field 20180714034612.0
008 - FIXED-LENGTH DATA ELEMENTS--GENERAL INFORMATION
fixed length control field 140415s2001 mx 000 0 spa d
020 ## - INTERNATIONAL STANDARD BOOK NUMBER
International Standard Book Number 9686899391
041 ## - LANGUAGE CODE
Language code of text/sound track or separate title spa
082 ## - DEWEY DECIMAL CLASSIFICATION NUMBER
Classification number 612.0158
Item number MEN
100 1# - MAIN ENTRY--PERSONAL NAME
Personal name MENDEZ, JOSE D.
245 10 - TITLE STATEMENT
Title EXPERIMENTOS BASICOS DE BIOQUIMICA
250 ## - EDITION STATEMENT
Edition statement 1a ed.
260 ## - PUBLICATION, DISTRIBUTION, ETC.
Place of publication, distribution, etc. MEXICO :
Name of publisher, distributor, etc. PRADO, S.A. DE C.V.,
Date of publication, distribution, etc. 2001
300 ## - PHYSICAL DESCRIPTION
Extent 179
Dimensions 10.6 x 0.9 x 13.6
520 ## - SUMMARY, ETC.
Summary, etc. ESTE MANUAL HA SIDO PREPARADO PARA LOS ESTUDIANTES QUE INICIAN EN EL ESTUDIO DE LA BIOQÍMICA Y HA SIDO DISEÑADO DE TALMANERA QUE VAYAN EXPERIMENTANDO Y CONFIRMANDO LOS CONOCIMIENTOS TEÓRICOS QUE ADQUIEREN DURANTE EL CURSO ANUAL DE BIOQUÍMICA.
650 14 - SUBJECT ADDED ENTRY--TOPICAL TERM
Topical term or geographic name entry element BIOQUIMICA
Existencias
Withdrawn status Lost status Source of classification or shelving scheme Damaged status Not for loan Collection code Home library Current library Shelving location Date acquired Source of acquisition Inventory number Total Checkouts Full call number Barcode Date last seen Price effective from Koha item type
    Dewey Decimal Classification   Consulta en sala Miniatura Biblioteca Karol Wojtyla Biblioteca Karol Wojtyla Sala "Colecciones Especiales" 03/12/2013 Compra 151000000000000000073670   612.0158 MEN 74387 05/01/2026 03/12/2013 Libro